{"text_format":"3","workbook":"xlsx","n_sheets":1,"sheets":["Список МЭ 2024-25"],"not_rendered":{"defined_names":1},"read":"whole","date_system":"1900"}

{"sheet":"Список МЭ 2024-25","index":0,"n_rows":353,"n_cols":14,"rows_kept":353,"merged":[[0,1,0,13]]}
[null,"Итоговый протокол городской олимпиады \"Духовно-нравственная культура народов России: Единство и Согласие\" 2024 - 2025 учебный год"]
["№","Район","Название ОУ","Фамилия","Имя","Отчество","Пол","Класс","Класс участия","МЭ балл","Макс балл","Статус","Учитель","Место работы учителя"]
[1,"Приволжский район","МБОУ \"Гимназия №52\"","Кулькова","Ю.","Д.","ж",4,4,20,23,"Победитель","Хасанова Гульсина Маратовна","МБОУ \"Гимназия №52\""]
[2,"Советский район","МБОУ \"Школа №47\"","Ахидова","В.","С.","ж",4,4,19,23,"Победитель","Нуриева Зиля Гильфановна","МБОУ \"Школа №47\""]
[3,"Ново-Савиновский район","МБОУ \"Гимназия №179-центр образования\"","Шабаганов","Т.","В.","м",4,4,18,23,"Победитель","Сайфиева Гульфия Ахматовна","МБОУ \"Гимназия №179-центр образования\""]
[4,"Советский район","МБОУ \"Гимназия №175\"","Киямов","Р.","Р.","м",4,4,17,23,"Победитель","Губаева Эльмира Раисовна","МБОУ \"Гимназия №175\""]
[5,"Московский район","МБОУ \"Школа №34\"","Гарифуллин","Т.","И.","м",4,4,16,23,"Победитель","Шайдуллина Рузаля Ракиповна","МБОУ \"Школа №34\""]
[6,"Ново-Савиновский район","МБОУ \"Гимназия №179-центр образования\"","Сайфиева","Н.","А.","ж",4,4,16,23,"Победитель","Горюнова Наталья Владимировна","МБОУ \"Гимназия №179-центр образования\""]
[7,"Советский район","МБОУ \"Гимназия №8 - Центр образования\"","Валиева","Д.","Ф.","ж",4,4,15,23,"Призер","Фазлыева Энже Тахировна","МБОУ \"Гимназия №8 - Центр образования\""]
[8,"Приволжский район","МБОУ \"Школа №127\"","Иванова","Е.","Г.","ж",4,4,15,23,"Призер","Загидуллина Дина Ильгизаровна","МБОУ \"Школа №127\""]
[9,"Приволжский район","МБОУ \"Школа №127\"","Савельев","М.","Д.","м",4,4,15,23,"Призер","Салахова Розалия Равиловна","МБОУ \"Школа №127\""]
[10,"Приволжский район","МБОУ \"Гимназия №52\"","Сазонова","С.","Д.","ж",4,4,15,23,"Призер","Хасанова Гульсина Маратовна","МБОУ \"Гимназия №52\""]
[11,"Советский район","МБОУ \"Школа №22-Центр образования\"","Сайфутдинова","С.","Р.","ж",4,4,15,23,"Призер","Аполлонова Ирина Николаевна","МБОУ \"Школа №22-Центр образования\""]
[12,"Ново-Савиновский район","МБОУ \"Гимназия №179-центр образования\"","Шайдуллина","А.","Р.","ж",4,4,15,23,"Призер","Набиуллина Эльвира Жевитовна","МБОУ \"Гимназия №179-центр образования\""]
[13,"Московский район","МБОУ \"Гимназия № 122 имени Ж.А.Зайцевой\"","Юрлин","Е.","Б.","м",4,4,15,23,"Призер","Фёдорова Олеся Сергеевна","МБОУ \"Гимназия № 122 имени Ж.А.Зайцевой\""]
[14,"Приволжский район","МБОУ \"Школа №127\"","Галиахметов","А.","Р.","м",4,4,14,23,"Призер","Гарифуллина Гулина Фаритовна","МБОУ \"Школа №127\""]
[15,"Советский район","МБОУ \"Гимназия №175\"","Гарипов","М.","М.","м",4,4,14,23,"Призер","Губаева Эльмира Раисовна","МБОУ \"Гимназия №175\""]
[16,"Советский район","МБОУ \"Гимназия №175\"","Заббаров","К.","Р.","м",4,4,14,23,"Призер","Губаева Эльмира Раисовна","МБОУ \"Гимназия №175\""]
[17,"Приволжский район","МБОУ \"Школа №129\"","Мотягин","Т.","Д.","м",4,4,14,23,"Призер","Беляева Юлия Викторовна","МБОУ \"Школа №129\""]
[18,"Приволжский район","МБОУ \"Лицей №35\"","Сахибуллина","Р.","Р.","ж",4,4,14,23,"Призер","Касимова Алсу Шамилевна","МБОУ \"Лицей №35\""]
[19,"Советский район","МБОУ \"Гимназия №175\"","Шарифуллин","С.","Н.","м",4,4,14,23,"Призер","Губаева Эльмира Раисовна","МБОУ \"Гимназия №175\""]
[20,"Приволжский район","МБОУ \"Школа №127\"","Ахтямов","А.","А.","м",4,4,14,23,"Призер","Загидуллина Дина Ильгизаровна","МБОУ \"Школа №127\""]
[21,"Приволжский район","МБОУ \"Гимназия №52\"","Волкова","Е.","Н.","ж",4,4,14,23,"Призер","Прошина Альбина Юнусовна","МБОУ \"Гимназия №52\""]
[22,"Советский район","МБОУ \"Гимназия №8 - Центр образования\"","Дедаханов","К.","И.","м",4,4,13,23,"Участник","Осипова Алена Владимировна","МБОУ \"Гимназия №8 - Центр образования\""]
[23,"Советский район","МБОУ \"Гимназия №8 - Центр образования\"","Дербышкин","А.","С.","м",4,4,13,23,"Участник","Галеева Айгуль Рихатовна","МБОУ \"Гимназия №8 - Центр образования\""]
[24,"Вахитовский район","АНОО \"Центр образования \"Сюмбель\"","Дроздов","Г.","Д.","м",4,4,13,23,"Участник","Катаева Анна Александровна","АНОО \"Центр образования \"Сюмбель\""]
[25,"Ново-Савиновский район","МБОУ \"Школа №71\"","Заидов","Д.","А.","м",4,4,13,23,"Участник","Кагарманова Залия Ильгизаровна","МБОУ \"Школа №71\""]
[26,"Советский район","МБОУ \"Гимназия №175\"","Равдель","А.","А.","ж",4,4,13,23,"Участник","Губаева Эльмира Раисовна","МБОУ \"Гимназия №175\""]
[27,"Московский район","МБОУ \"Школа №34\"","Тамбовская","К.","М.","ж",4,4,13,23,"Участник","Шайдуллина Рузаля Ракиповна","МБОУ \"Школа №34\""]
[28,"Кировский район","МБОУ \"Татарская гимназия №15\"","Хусаинов","И.","И.","м",4,4,13,23,"Участник","Рахимова Альфия Валиахметовна","МБОУ \"Татарская гимназия №15\""]
[29,"Советский район","МБОУ \"Гимназия №175\"","Хусаинов","И.","Ш.","м",4,4,13,23,"Участник","Губаева Эльмира Раисовна","МБОУ \"Гимназия №175\""]
[30,"Кировский район","МБОУ \"Татарская гимназия №15\"","Айнетдинов","А.","И.","м",4,4,12,23,"Участник","Набиуллина Алсу Римовна","МБОУ \"Татарская гимназия №15\""]
[31,"Советский район","МБОУ \"Гимназия №8 - Центр образования\"","Ахметзянова","М.","И.","ж",4,4,12,23,"Участник","Осипова Алена Владимировна","МБОУ \"Гимназия №8 - Центр образования\""]
[32,"Советский район","МБОУ \"Гимназия №175\"","Вафин","Р.","И.","м",4,4,12,23,"Участник","Губаева Эльмира Раисовна","МБОУ \"Гимназия №175\""]
[33,"Вахитовский район","МБОУ \"Гимназия №28\"","Доронин","К.","Д.","м",4,4,12,23,"Участник","Самигуллина Руфина Ильдаровна","МБОУ \"Гимназия №28\""]
[34,"Советский район","МБОУ \"Гимназия №175\"","Зиннатуллин","А.","А.","м",4,4,12,23,"Участник","Губаева Эльмира Раисовна","МБОУ \"Гимназия №175\""]
[35,"Вахитовский район","МБОУ \"Гимназия №28\"","Конькин","М.","Ю.","м",4,4,12,23,"Участник","Самигуллина Руфина Ильдаровна","МБОУ \"Гимназия №28\""]
[36,"Приволжский район","МБОУ \"Гимназия №52\"","Нигметзянова","Э.","Р.","ж",4,4,12,23,"Участник","Бадыгуллина Наталья Николаевна","МБОУ \"Гимназия №52\""]
[37,"Приволжский район","МБОУ \"Лицей №35\"","Шагидуллин","А.","Д.","м",4,4,12,23,"Участник","Васильева Елена Валерьевна","МБОУ \"Лицей №35\""]
[38,"Советский район","МБОУ \"Гимназия №8 - Центр образования\"","Харитонова","Н.","Д.","ж",4,4,11,23,"Участник","Буткина Ирина Юрьевна","МБОУ \"Гимназия №8 - Центр образования\""]
[39,"Приволжский район","МБОУ \"Школа №127\"","Ахметов","С.","Р.","м",4,4,10,23,"Участник","Гарифуллина Гулина Фаритовна","МБОУ \"Школа №127\""]
[40,"Приволжский район","МБОУ \"Школа №129\"","Федотова","Е.","А.","ж",4,4,10,23,"Участник","Беляева Юлия Викторовна","МБОУ \"Школа №129\""]
[41,"Ново-Савиновский район","МБОУ \"Гимназия №155\"","Юнусов","Д.","Р.","м",4,4,10,23,"Участник","Сафиуллина Гульназ Наилевна","МБОУ \"Гимназия №155\""]
[42,"Советский район","МБОУ \"Школа №169\"","Аникина","А.","С.","ж",4,4,9,23,"Участник","Лабузова Ольга Вячеславовна","МБОУ \"Школа №169\""]
[43,"Советский район","МБОУ \"Гимназия №20 имени Абдуллы Алиша\"","Музафарова","А.","Р.","ж",4,4,9,23,"Участник","Сагдиева Ильсеяр Миргазизовна","МБОУ \"Гимназия №20 имени Абдуллы Алиша\""]
[44,"Приволжский район","МБОУ \"Школа №127\"","Мухаметхадиев","Д.","Ф.","м",4,4,9,23,"Участник","Салахова Розалия Равиловна","МБОУ \"Школа №127\""]
[45,"Советский район","МБОУ \"Школа №167\"","Николаева","Д.","Н.","ж",4,4,9,23,"Участник","Насыбуллина Алсу Госмановна","МБОУ \"Школа №167\""]
[46,"Советский район","МБОУ \"Гимназия №20 имени Абдуллы Алиша\"","Садриева","З.","И.","ж",4,4,9,23,"Участник","Сагдиева Ильсеяр Миргазизовна","МБОУ \"Гимназия №20 имени Абдуллы Алиша\""]
[47,"Советский район","МБОУ \"Гимназия №175\"","Садыков","Б.","Р.","м",4,4,9,23,"Участник","Губаева Эльмира Раисовна","МБОУ \"Гимназия №175\""]
[48,"Советский район","МБОУ \"Гимназия №175\"","Сокуровский","А.","И.","м",4,4,9,23,"Участник","Губаева Эльмира Раисовна","МБОУ \"Гимназия №175\""]
[49,"Советский район","МБОУ \"Школа №22-Центр образования\"","Панина","В.","А.","ж",4,4,8,23,"Участник","Синдюкова Рамиля Нильевна","МБОУ \"Школа №22-Центр образования\""]
[50,"Приволжский район","МБОУ \"Школа №127\"","Тихонов","А.","М.","м",4,4,8,23,"Участник","Гарифуллина Гулина Фаритовна","МБОУ \"Школа №127\""]
[51,"Советский район","МБОУ \"Школа №47\"","Тюник","Е.","С.","м",4,4,8,23,"Участник","Бариева Светлана Николаевна","МБОУ \"Школа №47\""]
[52,"Ново-Савиновский район","МБОУ \"Школа №71\"","Фархуллин","А.","А.","м",4,4,8,23,"Участник","Кагарманова Залия Ильгизаровна","МБОУ \"Школа №71\""]
[53,"Приволжский район","МБОУ \"Гимназия №52\"","Васильков","Д.","В.","м",4,4,7,23,"Участник","Прошина Альбина Юнусовна","МБОУ \"Гимназия №52\""]
[54,"Советский район","МБОУ \"Лицей №79\"","Каримов","Р.","А.","м",4,4,7,23,"Участник","Абдулзалиева Алсу Раилевна","МБОУ \"Лицей №79\""]
[55,"Московский район","МБОУ \"Школа №34\"","Чернов","Г.","А.","м",4,4,7,23,"Участник","Шайдуллина Рузаля Ракиповна","МБОУ \"Школа №34\""]
[56,"Приволжский район","МБОУ \"Школа №127\"","Никитин","А.","Р.","м",4,4,6,23,"Участник","Салахова Розалия Равиловна","МБОУ \"Школа №127\""]
[57,"Советский район","МБОУ \"Гимназия №175\"","Тухватуллин","М.","А.","м",4,4,4,23,"Участник","Губаева Эльмира Раисовна","МБОУ \"Гимназия №175\""]
[58,"Московский район","МБОУ \"Гимназия № 122 имени Ж.А.Зайцевой\"","Капитонова","А.","Д.","ж",5,5,23,25,"Победитель","Чайковская Светлана Валентиновна","МБОУ \"Гимназия № 122 имени Ж.А.Зайцевой\""]
[59,"Московский район","МБОУ \"Гимназия № 122 имени Ж.А.Зайцевой\"","Платонова","В.","А.","ж",5,5,23,25,"Победитель","Чайковская Светлана Валентиновна","МБОУ \"Гимназия № 122 имени Ж.А.Зайцевой\""]
[60,"Московский район","МБОУ \"Гимназия № 122 имени Ж.А.Зайцевой\"","Ландышев","М.","И.","м",5,5,22,25,"Победитель","Чайковская Светлана Валентиновна","МБОУ \"Гимназия № 122 имени Ж.А.Зайцевой\""]
[61,"Московский район","МБОУ \"Школа №34\"","Салина","В.","Н.","ж",5,5,22,25,"Победитель","Лебедева Оксана Валерьевна","МБОУ \"Школа №34\""]
[62,"Кировский район","МБОУ \"Школа №153\"","Галимарванова","А.","В.","ж",5,5,22,25,"Победитель","Гуренкова Альбина Адгамовна","МБОУ \"Школа №153\""]
[63,"Авиастроительный район","МБОУ \"Школа №62\"","Галеветдинова","С.","Р.","ж",5,5,21,25,"Победитель","Шарафеева Надежда Павловна","МБОУ \"Школа №62\""]
[64,"Авиастроительный район","МАОУ \"Гимназия №37\"","Мещерякова","С.","Л.","ж",5,5,21,25,"Победитель","Виноградова Марина Николаевна","МАОУ \"Гимназия №37\""]
[65,"Советский район","МБОУ \"Лицей №79\"","Пименов","Е.","А.","м",5,5,21,25,"Победитель","Обухова Татьяна Алексеевна","МБОУ \"Лицей №79\""]
[66,"Московский район","МБОУ \"Гимназия №12 имени Ф.Г.Аитовой\"","Тохтахунова","М.","Т.","ж",5,5,21,25,"Победитель","Гилаева Алсу Айдаровна","МБОУ \"Гимназия №12 имени Ф.Г.Аитовой\""]
[67,"Советский район","МБОУ \"Гимназия №126\"","Волков","А.","С.","ж",5,5,20,25,"Призер","Абдуллина Алина Гаяновна","МБОУ \"Гимназия №126\""]
[68,"Советский район","МБОУ \"Гимназия №20 имени Абдуллы Алиша\"","Габидуллина","К.","Р.","ж",5,5,20,25,"Призер","Айсина Наиля Мухамедовна","МБОУ \"Гимназия №20 имени Абдуллы Алиша\""]
[69,"Московский район","МБОУ \"Гимназия №12 имени Ф.Г.Аитовой\"","Еремеева","А.","А.","ж",5,5,20,25,"Призер","Гилаева Алсу Айдаровна","МБОУ \"Гимназия №12 имени Ф.Г.Аитовой\""]
[70,"Советский район","МБОУ \"Многопрофильная полилингвальная гимназия №180\"","Ермолин","Г.","А.","м",5,5,20,25,"Призер","Валиуллина Сабина Фидоилевна","МБОУ \"Многопрофильная полилингвальная гимназия №180\""]
[71,"Приволжский район","МБОУ \"Гимназия №16\"","Кульбарисова","Н.","Р.","ж",5,5,20,25,"Призер","Хайрутдинова Гульфия Нуховна","МБОУ \"Гимназия №16\""]
[72,"Советский район","МБОУ \"Школа №167\"","Сметанин","В.","Д.","м",5,5,20,25,"Призер","Кучеренко Валерия Константиновна","МБОУ \"Школа №167\""]
[73,"Вахитовский район","МБОУ \"Гимназия №96\"","Актанаев","Т.","Р.","м",5,5,19,25,"Призер","Семёнова Вероника Васильевна","МБОУ \"Гимназия №96\""]
[74,"Советский район","МБОУ \"Гимназия №20 имени Абдуллы Алиша\"","Жукова","А.","А.","ж",5,5,19,25,"Призер","Айсина Наиля Мухамедовна","МБОУ \"Гимназия №20 имени Абдуллы Алиша\""]
[75,"Московский район","МБОУ \"Гимназия № 122 имени Ж.А.Зайцевой\"","Камалетдинова","Р.","Р.","ж",5,5,19,25,"Призер","Лозовский Артур Станиславович","МБОУ \"Гимназия № 122 имени Ж.А.Зайцевой\""]
[76,"Приволжский район","МБОУ \"Школа №129\"","Кузьмин","Б.","О.","м",5,5,19,25,"Призер","Зиганшина Камиля Айратовна","МБОУ \"Школа №129\""]
[77,"Советский район","МБОУ \"Многопрофильная школа №181\"","Масленникова","М.","Г.","ж",5,5,19,25,"Призер","Каримова Резеда Вагизовна","МБОУ \"Многопрофильная школа №181\""]
[78,"Советский район","МБОУ \"Многопрофильная школа №181\"","Мустафина","А.","И.","ж",5,5,19,25,"Призер","Каримова Резеда Вагизовна","МБОУ \"Многопрофильная школа №181\""]
[79,"Советский район","МБОУ \"Лицей №159 имени С.Х.Загидуллиной\"","Стоянова","А.","А.","ж",5,5,19,25,"Призер","Ештокина Елена Владимировна","МБОУ \"Лицей №159 имени С.Х.Загидуллиной\""]
[80,"Приволжский район","МБОУ \"Школа №127\"","Антонова","М.","Е.","ж",5,5,18,25,"Призер","Фазлуллина Алина Ренатовна","МБОУ \"Школа №127\""]
[81,"Московский район","МБОУ \"Гимназия № 122 имени Ж.А.Зайцевой\"","Габдрахманов","К.","Е.","м",5,5,18,25,"Призер","Чайковская Светлана Валентиновна","МБОУ \"Гимназия № 122 имени Ж.А.Зайцевой\""]
[82,"Московский район","МБОУ \"Гимназия №102 имени М.С.Устиновой\"","Гаранина","Д.","А.","ж",5,5,18,25,"Призер","Федосов Александр Артёмович","МБОУ \"Гимназия №102 имени М.С.Устиновой\""]
[83,"Московский район","МБОУ \"Гимназия № 122 имени Ж.А.Зайцевой\"","Гарипова","Я.","Р.","ж",5,5,18,25,"Призер","Лозовский Артур Станиславович","МБОУ \"Гимназия № 122 имени Ж.А.Зайцевой\""]
[84,"Московский район","МБОУ \"Гимназия №12 имени Ф.Г.Аитовой\"","Ибрагимова","К.","Ш.","ж",5,5,18,25,"Призер","Гилаева Алсу Айдаровна","МБОУ \"Гимназия №12 имени Ф.Г.Аитовой\""]
[85,"Советский район","МБОУ \"Татарская гимназия №11\"","Махмадхуджаева","С.","П.","ж",5,5,18,25,"Призер","Бариева Рамзиля Абдулахатовна","МБОУ \"Татарская гимназия №11\""]
[86,"Советский район","МБОУ \"Гимназия №20 имени Абдуллы Алиша\"","Мусина","И.","Л.","ж",5,5,18,25,"Призер","Айсина Наиля Мухамедовна","МБОУ \"Гимназия №20 имени Абдуллы Алиша\""]
[87,"Советский район","МБОУ \"Многопрофильная школа №181\"","Шмелева","А.","Р.","ж",5,5,18,25,"Призер","Каримова Резеда Вагизовна","МБОУ \"Многопрофильная школа №181\""]
[88,"Советский район","МБОУ \"Гимназия №183\"","Валеев","А.","Э.","м",5,5,17,25,"Участник","Замдиханова Лайсан Рашитовна","МБОУ \"Гимназия №183\""]
[89,"Авиастроительный район","МБОУ \"Школа№77\"","Воронов","Р.","В.","м",5,5,17,25,"Участник","Матяшина Елена Николаевна","МБОУ \"Школа№77\""]
[90,"Вахитовский район","МБОУ \"Гимназия №96\"","Гибадуллин","Т.","А.","м",5,5,17,25,"Участник","Семёнова Вероника Васильевна","МБОУ \"Гимназия №96\""]
[91,"Советский район","МБОУ \"Многопрофильная школа №181\"","Елизаветин","А.","С.","м",5,5,17,25,"Участник","Каримова Резеда Вагизовна","МБОУ \"Многопрофильная школа №181\""]
[92,"Ново-Савиновский район","МБОУ \"Гимназия №13\"","Зайдуллина","М.","Т.","ж",5,5,17,25,"Участник","Низамова Лилия Габделхалимовна","МБОУ \"Гимназия №13\""]
[93,"Авиастроительный район","МБОУ \"Школа№77\"","Закиров","Р.","Р.","м",5,5,17,25,"Участник","Матяшина Елена Николаевна","МБОУ \"Школа№77\""]
[94,"Кировский район","МБОУ \"Лицей №182\"","Крюкова","Е.","А.","ж",5,5,17,25,"Участник","Фархутдинова Эльмира Мингазизовна","МБОУ \"Лицей №182\""]
[95,"Советский район","МБОУ \"Школа №169\"","Ситдикова","А.","У.","ж",5,5,17,25,"Участник","Мубаракшина Инна Геннадьевна","МБОУ \"Школа №169\""]
[96,"Авиастроительный район","МАОУ \"Гимназия №37\"","Скворцов","А.","В.","м",5,5,17,25,"Участник","Виноградова Марина Николаевна","МАОУ \"Гимназия №37\""]
[97,"Советский район","МБОУ \"Гимназия №183\"","Тазетдинов","К.","Р.","м",5,5,17,25,"Участник","Замдиханова Лайсан Рашитовна","МБОУ \"Гимназия №183\""]
[98,"Советский район","МБОУ \"Многопрофильная полилингвальная гимназия №180\"","Галимзянов","Б.","А.","м",5,5,16,25,"Участник","Закирова Алия Госмановна","МБОУ \"Многопрофильная полилингвальная гимназия №180\""]
[99,"Московский район","МБОУ \"Татарская гимназия №2 при КФУ\"","Гарайшин","И.","Р.","м",5,5,16,25,"Участник","Шакирова Рузиля Раисовна","МБОУ \"Татарская гимназия №2 при КФУ\""]
[100,"Авиастроительный район","МБОУ \"Лицей №26 им.М.Джалиля\"","Закирова","А.","Ф.","ж",5,5,16,25,"Участник","Зиннурова Резеда Равхатовна","МБОУ \"Лицей №26 им.М.Джалиля\""]
[101,"Приволжский район","МБОУ \"Школа №48\"","Ильязов","Р.","М.","м",5,5,16,25,"Участник","Егоров Антон Алексеевич","МБОУ \"Школа №48\""]
[102,"Вахитовский район","МБОУ \"Гимназия №96\"","Корнилов","С.","Г.","м",5,5,16,25,"Участник","Семёнова Вероника Васильевна","МБОУ \"Гимназия №96\""]
[103,"Ново-Савиновский район","МБОУ \"Гимназия №13\"","Рахматуллоева","Х.","С.","ж",5,5,16,25,"Участник","Низамова Лилия Габделхалимовна","МБОУ \"Гимназия №13\""]
[104,"Московский район","МБОУ \"Школа №34\"","Суворова","К.","Р.","ж",5,5,16,25,"Участник","Лебедева Оксана Валерьевна","МБОУ \"Школа №34\""]
[105,"Советский район","МБОУ \"Лицей №79\"","Фирсанов","Д.","М.","м",5,5,16,25,"Участник","Обухова Татьяна Алексеевна","МБОУ \"Лицей №79\""]
[106,"Московский район","МБОУ \"Школа №99\"","Шпаков","А.","М.","м",5,5,16,25,"Участник","Зарипова Миляуша Ринатовна","МБОУ \"Школа №99\""]
[107,"Советский район","МБОУ \"Лицей №79\"","Щеглова","А.","Е.","ж",5,5,16,25,"Участник","Обухова Татьяна Алексеевна","МБОУ \"Лицей №79\""]
[108,"Приволжский район","МБОУ \"Школа №129\"","Ямгуров","И.","Р.","м",5,5,16,25,"Участник","Зиганшина Камиля Айратовна","МБОУ \"Школа №129\""]
[109,"Московский район","МБОУ \"Школа №34\"","Ганиев","Д.","Э.","м",5,5,15,25,"Участник","Лебедева Оксана Валерьевна","МБОУ \"Школа №34\""]
[110,"Московский район","МБОУ \"Гимназия №12 имени Ф.Г.Аитовой\"","Ибрагимова","С.","Р.","ж",5,5,15,25,"Участник","Гилаева Алсу Айдаровна","МБОУ \"Гимназия №12 имени Ф.Г.Аитовой\""]
[111,"Вахитовский район","МБОУ \"Гимназия №96\"","Сафин","А.","А.","м",5,5,15,25,"Участник","Семёнова Вероника Васильевна","МБОУ \"Гимназия №96\""]
[112,"Приволжский район","МБОУ \"Лицей №186-\"Перспектива\"","Файзрахманов","Р.","А.","м",5,5,15,25,"Участник","Броднева Наталья Владимировна","МБОУ \"Лицей №186-\"Перспектива\""]
[113,"Ново-Савиновский район","МБОУ \"Гимназия №13\"","Хазиахметов","А.","Н.","м",5,5,15,25,"Участник","Низамова Лилия Габделхалимовна","МБОУ \"Гимназия №13\""]
[114,"Вахитовский район","МБОУ \"Гимназия №96\"","Благовещенский","Р.","П.","м",5,5,14,25,"Участник","Семёнова Вероника Васильевна","МБОУ \"Гимназия №96\""]
[115,"Кировский район","МБОУ \"Лицей №182\"","Гарафутдинов","К.","Д.","м",5,5,14,25,"Участник","Фархутдинова Эльмира Мингазизовна","МБОУ \"Лицей №182\""]
[116,"Московский район","МБОУ \"Школа №99\"","Еремеев","В.","Д.","м",5,5,14,25,"Участник","Хайруллина Гульсина Рашидовна","МБОУ \"Школа №99\""]
[117,"Вахитовский район","МБОУ \"Гимназия №96\"","Лямкин","М.","К.","м",5,5,14,25,"Участник","Муллахметова Юлия Геннадьевна","МБОУ \"Гимназия №96\""]
[118,"Авиастроительный район","МБОУ \"Лицей №26 им.М.Джалиля\"","Яфизова","А.","Р.","ж",5,5,14,25,"Участник","Зиннурова Резеда Равхатовна","МБОУ \"Лицей №26 им.М.Джалиля\""]
[119,"Советский район","МБОУ \"Гимназия №20 имени Абдуллы Алиша\"","Асриева","Р.","М.","ж",5,5,13,25,"Участник","Айсина Наиля Мухамедовна","МБОУ \"Гимназия №20 имени Абдуллы Алиша\""]
[120,"Московский район","МБОУ \"Татарская гимназия №2 при КФУ\"","Гарипов","М.","Р.","м",5,5,13,25,"Участник","Шакирова Рузиля Раисовна","МБОУ \"Татарская гимназия №2 при КФУ\""]
[121,"Авиастроительный район","МАОУ \"Гимназия №37\"","Зарипов","Б.","М.","м",5,5,13,25,"Участник","Виноградова Марина Николаевна","МАОУ \"Гимназия №37\""]
[122,"Вахитовский район","МБОУ \"Гимназия №96\"","Латыпов","А.","Р.","м",5,5,13,25,"Участник","Муллахметова Юлия Геннадьевна","МБОУ \"Гимназия №96\""]
[124,"Московский район","МБОУ \"Школа №34\"","Муликов","А.","И.","м",5,5,13,25,"Участник","Лебедева Оксана Валерьевна","МБОУ \"Школа №34\""]
[125,"Советский район","МБОУ \"Многопрофильная полилингвальная гимназия №180\"","Салихова","И.","И.","ж",5,5,13,25,"Участник","Закирова Алия Госмановна","МБОУ \"Многопрофильная полилингвальная гимназия №180\""]
[126,"Советский район","МБОУ \"Школа №169\"","Тухватова","К.","Н.","ж",5,5,13,25,"Участник","Мубаракшина Инна Геннадьевна","МБОУ \"Школа №169\""]
[127,"Ново-Савиновский район","МБОУ \"Школа №71\"","Фахрутдинова","Э.","М.","ж",5,5,13,25,"Участник","Халикова Гульназ Габбасовна","МБОУ \"Школа №71\""]
[128,"Советский район","МБОУ \"Гимназия №20 имени Абдуллы Алиша\"","Бакеев","Б.","А.","м",5,5,12,25,"Участник","Айсина Наиля Мухамедовна","МБОУ \"Гимназия №20 имени Абдуллы Алиша\""]
[129,"Советский район","МБОУ \"Гимназия №20 имени Абдуллы Алиша\"","Басыров","Д.","Д.","м",5,5,12,25,"Участник","Айсина Наиля Мухамедовна","МБОУ \"Гимназия №20 имени Абдуллы Алиша\""]
[130,"Советский район","МБОУ \"Лицей №159 имени С.Х.Загидуллиной\"","Бектимиров","Р.","Р.","м",5,5,12,25,"Участник","Ештокина Елена Владимировна","МБОУ \"Лицей №159 имени С.Х.Загидуллиной\""]
[131,"Приволжский район","МБОУ \"Школа №129\"","Евстафьев","К.","Д.","м",5,5,12,25,"Участник","Зиганшина Камиля Айратовна","МБОУ \"Школа №129\""]
[132,"Ново-Савиновский район","МБОУ \"Школа №71\"","Зарипова","А.","Р.","ж",5,5,12,25,"Участник","Халикова Гульназ Габбасовна","МБОУ \"Школа №71\""]
[133,"Московский район","МБОУ \"Школа №34\"","Мишин","А.","И.","м",5,5,12,25,"Участник","Лебедева Оксана Валерьевна","МБОУ \"Школа №34\""]
[134,"Московский район","МБОУ \"Гимназия № 122 имени Ж.А.Зайцевой\"","Антонова","А.","А.","ж",5,5,11,25,"Участник","Лозовский Артур Станиславович","МБОУ \"Гимназия № 122 имени Ж.А.Зайцевой\""]
[135,"Авиастроительный район","МАОУ \"Гимназия №37\"","Гизатуллин","Б.","Л.","м",5,5,10,25,"Участник","Фахрутдинова Алёна Ришатовна","МАОУ \"Гимназия №37\""]
[136,"Советский район","МАОУ \"Многопрофильный лицей №11\"","Гизатуллин","Д.","Д.","м",5,5,10,25,"Участник","Арентова Арина Руслановна","МАОУ \"Многопрофильный лицей №11\""]
[137,"Московский район","МБОУ \"Гимназия № 122 имени Ж.А.Зайцевой\"","Никитин","А.","А.","м",5,5,10,25,"Участник","Лозовский Артур Станиславович","МБОУ \"Гимназия № 122 имени Ж.А.Зайцевой\""]
[138,"Советский район","МАОУ \"Лицей №121\"","Харчук","С.","С.","м",5,5,10,25,"Участник","Хасанова Флера Анваровна","МАОУ \"Лицей №121\""]
[139,"Советский район","МБОУ \"Гимназия №184\"","Шевченко","Е.","А.","м",5,5,8,25,"Участник","Зейнетдинова Айзиля Галлеметдиновна","МБОУ \"Гимназия №184\""]
[140,"Советский район","МБОУ \"Татарская гимназия №11\"","Мухаметзянов","И.","А.","м",5,5,7,25,"Участник","Бариева Рамзиля Абдулахатовна","МБОУ \"Татарская гимназия №11\""]
[123,"Советский район","МБОУ \"Многопрофильная школа №181\"","Лизалина","В.","Р.","ж",6,6,22,23,"Победитель","Кадиров Ринат Монирович","МБОУ \"Многопрофильная школа №181\""]
[141,"Ново-Савиновский район","МБОУ \"Школа №85\"","Абзалилов","А.","Д.","м",6,6,21,23,"Победитель","Гайнутдинова Рушанья Хамзяновна","МБОУ \"Школа №85\""]
[142,"Ново-Савиновский район","МБОУ \"Школа №85\"","Басыров","Д.","Р.","м",6,6,21,23,"Победитель","Яруллина Гульнур Мансуровна","МБОУ \"Школа №85\""]
[143,"Ново-Савиновский район","МБОУ \"Школа №85\"","Босецкая","А.","И.","ж",6,6,21,23,"Победитель","Гайнутдинова Рушанья Хамзяновна","МБОУ \"Школа №85\""]
[144,"Советский район","МБОУ \"Многопрофильная школа №181\"","Зарипова","А.","А.","ж",6,6,21,23,"Победитель","Кадиров Ринат Монирович","МБОУ \"Многопрофильная школа №181\""]
[145,"Авиастроительный район","МАОУ \"Гимназия №37\"","Мубаракшин","Э.","Л.","м",6,6,21,23,"Победитель","Фахрутдинова Алёна Ришатовна","МАОУ \"Гимназия №37\""]
[146,"Авиастроительный район","МБОУ \"Лицей №26 им.М.Джалиля\"","Гусева","А.","Л.","ж",6,6,20,23,"Победитель","Зиннурова Резеда Равхатовна","МБОУ \"Лицей №26 им.М.Джалиля\""]
[147,"Московский район","МБОУ \"Гимназия № 122 имени Ж.А.Зайцевой\"","Каюмов","Б.","И.","м",6,6,20,23,"Победитель","Садыков Жаудат Назипович","МБОУ \"Гимназия № 122 имени Ж.А.Зайцевой\""]
[148,"Советский район","МБОУ \"Лицей №159 имени С.Х.Загидуллиной\"","Прокофьева","А.","Л.","ж",6,6,20,23,"Победитель","Халимуллина Лилия Анфисовна","МБОУ \"Лицей №159 имени С.Х.Загидуллиной\""]
[149,"Ново-Савиновский район","МБОУ \"Гимназия №13\"","Рифатова","Ф.","Т.","ж",6,6,19,23,"призер","Низамова Лилия Габделхалимовна","МБОУ \"Гимназия №13\""]
[150,"Вахитовский район","МБОУ \"Гимназия №28\"","Трусков","К.","Р.","м",6,6,19,23,"призер","Самигуллина Руфина Ильдаровна","МБОУ \"Гимназия №28\""]
[151,"Ново-Савиновский район","МБОУ \"Гимназия №13\"","Валиева","З.","И.","ж",6,6,18,23,"призер","Низамова Лилия Габделхалимовна","МБОУ \"Гимназия №13\""]
[152,"Авиастроительный район","МАОУ \"Гимназия №37\"","Гарипов","А.","А.","м",6,6,18,23,"призер","Фахрутдинова Алёна Ришатовна","МАОУ \"Гимназия №37\""]
[153,"Ново-Савиновский район","МБОУ \"Гимназия №13\"","Каюмов","Р.","Р.","м",6,6,18,23,"призер","Низамова Лилия Габделхалимовна","МБОУ \"Гимназия №13\""]
[154,"Советский район","МАОУ \"Лицей №121\"","Котенкова","А.","Р.","ж",6,6,18,23,"призер","Хасанова Флера Анваровна","МАОУ \"Лицей №121\""]
[155,"Московский район","МБОУ \"Гимназия №12 имени Ф.Г.Аитовой\"","Мусина","Э.","Ф.","ж",6,6,18,23,"призер","Гилаева Алсу Айдаровна","МБОУ \"Гимназия №12 имени Ф.Г.Аитовой\""]
[156,"Приволжский район","МБОУ \"Лицей №186-\"Перспектива\"","Овчинникова","Э.","А.","ж",6,6,18,23,"призер","Бастракова Ирина Владимировна","МБОУ \"Лицей №186-\"Перспектива\""]
[157,"Советский район","МАОУ \"Лицей №121\"","Фатхуллин","А.","М.","x",6,6,18,23,"призер","Хасанова Флера Анваровна","МАОУ \"Лицей №121\""]
[158,"Кировский район","МБОУ \"Лицей №182\"","Хайбуллов","И.","Р.","м",6,6,18,23,"призер","Чиркова Людмила Владимировна","МБОУ \"Лицей №182\""]
[159,"Московский район","МБОУ \"Школа №34\"","Шайдулова","Д.","А.","ж",6,6,18,23,"призер","Саулова Анастасия Владимировна","МБОУ \"Школа №34\""]
[160,"Ново-Савиновский район","МБОУ \"Лицей №170\"","Вагапова","В.","Г.","ж",6,6,17,23,"призер","Волкова Наталья Витальевна","МБОУ \"Лицей №170\""]
[161,"Советский район","МБОУ \"Многопрофильная школа №181\"","Зайнуллин","А.","А.","м",6,6,17,23,"призер","Кадиров Ринат Монирович","МБОУ \"Многопрофильная школа №181\""]
[162,"Советский район","МБОУ \"Школа №169\"","Ибатуллина","И.","А.","ж",6,6,17,23,"призер","Лабузова Ольга Вячеславовна","МБОУ \"Школа №169\""]
[163,"Советский район","МБОУ \"Школа №108\"","Овсянников","Т.","Н.","м",6,6,17,23,"призер","Тагирова Алия Тагировна","МБОУ \"Школа №108\""]
[164,"Приволжский район","МБОУ \"Школа №127\"","Сперанский","Д.","Д.","м",6,6,17,23,"призер","Фазлуллина Алина Ренатовна","МБОУ \"Школа №127\""]
[165,"Московский район","МБОУ \"Гимназия № 122 имени Ж.А.Зайцевой\"","Тулусина","А.","Г.","ж",6,6,17,23,"призер","Чайковская Светлана Валентиновна","МБОУ \"Гимназия № 122 имени Ж.А.Зайцевой\""]
[166,"Вахитовский район","МБОУ \"Гимназия №96\"","Тухватуллина","М.","Б.","ж",6,6,17,23,"призер","Семёнова Вероника Васильевна","МБОУ \"Гимназия №96\""]
[167,"Советский район","МБОУ \"Многопрофильная полилингвальная гимназия №180\"","Хамидуллин","К.","А.","м",6,6,17,23,"призер","Закирова Алия Госмановна","МБОУ \"Многопрофильная полилингвальная гимназия №180\""]
[168,"Московский район","МБОУ \"Гимназия № 122 имени Ж.А.Зайцевой\"","Васильева","У.","Д.","ж",6,6,16,23,"Участник","Садыков Жаудат Назипович","МБОУ \"Гимназия № 122 имени Ж.А.Зайцевой\""]
[169,"Ново-Савиновский район","МБОУ \"Лицей №170\"","Гайнуллина","С.","Р.","ж",6,6,16,23,"Участник","Шакирова Лилия Рустемовна","МБОУ \"Лицей №170\""]
[170,"Ново-Савиновский район","МБОУ \"Лицей №23\"","Гатиатуллина","А.","А.","ж",6,6,16,23,"Участник","Мустафина Айгуль Фагимовна","МБОУ \"Лицей №23\""]
[171,"Вахитовский район","МБОУ \"Гимназия №96\"","Мохов","Е.","Н.","м",6,6,16,23,"Участник","Муллахметова Юлия Геннадьевна","МБОУ \"Гимназия №96\""]
[172,"Московский район","МБОУ \"Школа №34\"","Панюшин","Д.","М.","м",6,6,16,23,"Участник","Саулова Анастасия Владимировна","МБОУ \"Школа №34\""]
[173,"Ново-Савиновский район","МБОУ \"Школа №103\"","Петров","Е.","С.","м",6,6,16,23,"Участник","Мурзакаева Алсу Фатхулловна","МБОУ \"Школа №103\""]
[174,"Московский район","МБОУ \"Гимназия №12 имени Ф.Г.Аитовой\"","Розыева","Э.","Х.","ж",6,6,16,23,"Участник","Гилаева Алсу Айдаровна","МБОУ \"Гимназия №12 имени Ф.Г.Аитовой\""]
[175,"Московский район","МБОУ \"Гимназия №12 имени Ф.Г.Аитовой\"","Сабирова","Я.","Р.","ж",6,6,16,23,"Участник","Гилаева Алсу Айдаровна","МБОУ \"Гимназия №12 имени Ф.Г.Аитовой\""]
[176,"Кировский район","МБОУ \"Лицей №182\"","Хазиев","Н.","Д.","м",6,6,16,23,"Участник","Чиркова Людмила Владимировна","МБОУ \"Лицей №182\""]
[177,"Московский район","МБОУ \"Школа №34\"","Асатрян","А.","А.","м",6,6,15,23,"Участник","Саулова Анастасия Владимировна","МБОУ \"Школа №34\""]
[178,"Вахитовский район","МБОУ \"Гимназия №96\"","Биккулова","Д.","И.","ж",6,6,15,23,"Участник","Семёнова Вероника Васильевна","МБОУ \"Гимназия №96\""]
[179,"Советский район","МБОУ \"Гимназия №20 имени Абдуллы Алиша\"","Галиева","З.","А.","ж",6,6,15,23,"Участник","Каримова Виктория Андреевна","МБОУ \"Гимназия №20 имени Абдуллы Алиша\""]
[180,"Советский район","МБОУ \"Школа №86\"","Зиманова","М.","М.","ж",6,6,15,23,"Участник","Гусинская Ольга Евгеньевна","МБОУ \"Школа №86\""]
[181,"Приволжский район","МБОУ \"Лицей №83-Центр образования\"","Кузьмина","Ю.","В.","ж",6,6,15,23,"Участник","Бегунова Мария Александровна","МБОУ \"Лицей №83-Центр образования\""]
[182,"Приволжский район","МБОУ \"Школа №127\"","Махмутов","Р.","Т.","м",6,6,15,23,"Участник","Фазлуллина Алина Ренатовна","МБОУ \"Школа №127\""]
[183,"Советский район","МБОУ \"Многопрофильная школа №181\"","Митрофанова","С.","Э.","ж",6,6,15,23,"Участник","Кадиров Ринат Монирович","МБОУ \"Многопрофильная школа №181\""]
[184,"Вахитовский район","МБОУ \"Гимназия №96\"","Рыжкин","А.","С.","м",6,6,15,23,"Участник","Семёнова Вероника Васильевна","МБОУ \"Гимназия №96\""]
[185,"Кировский район","МБОУ \"Школа №70\"","Смирнов","А.","А.","м",6,6,15,23,"Участник","Шишков Алексей Иванович","МБОУ \"Школа №70\""]
[186,"Советский район","МБОУ \"Школа №84\"","Султанов","Н.","М.","м",6,6,15,23,"Участник","Рязанцева Анастасия Константиновна","МБОУ \"Школа №84\""]
[187,"Московский район","МБОУ \"Гимназия №94 имени Л.Н.Мурысина\"","Трушина","М.","М.","ж",6,6,15,23,"Участник","Ногманова Наталья Ливерьевна","МБОУ \"Гимназия №94 имени Л.Н.Мурысина\""]
[188,"Приволжский район","МБОУ \"Лицей №83-Центр образования\"","Фомина","В.","В.","ж",6,6,15,23,"Участник","Бегунова Мария Александровна","МБОУ \"Лицей №83-Центр образования\""]
[189,"Кировский район","МБОУ \"Лицей №182\"","Хамзина","Р.","Р.","ж",6,6,15,23,"Участник","Чиркова Людмила Владимировна","МБОУ \"Лицей №182\""]
[190,"Советский район","МБОУ \"Лицей №79\"","Шарапов","К.","Л.","м",6,6,15,23,"Участник","Акимова Ирина Сергеевна","МБОУ \"Лицей №79\""]
[191,"Советский район","МБОУ \"Лицей №79\"","Рахимулин","А.","И.","м",6,6,14,23,"Участник","Акимова Ирина Сергеевна","МБОУ \"Лицей №79\""]
[192,"Ново-Савиновский район","МБОУ \"Школа №103\"","Ахмиев","И.","Р.","м",6,6,14,23,"Участник","Мурзакаева Алсу Фатхулловна","МБОУ \"Школа №103\""]
[193,"Вахитовский район","АНОО \"Центр образования \"Сюмбель\"","Володина","Д.","А.","ж",6,6,14,23,"Участник","Зазулина Татьяна Александровна","АНОО \"Центр образования \"Сюмбель\""]
[194,"Приволжский район","МБОУ \"Школа №48\"","Зиновьев","А.","А.","м",6,6,14,23,"Участник","Кашапова Ольга Ивановна","МБОУ \"Школа №48\""]
[195,"Советский район","МБОУ \"Многопрофильная полилингвальная гимназия №180\"","Нуреев","К.","И.","м",6,6,14,23,"Участник","Закирова Алия Госмановна","МБОУ \"Многопрофильная полилингвальная гимназия №180\""]
[196,"Авиастроительный район","МБОУ \"Школа №60\"","Пудофеева","В.","Д.","ж",6,6,14,23,"Участник","Хасаншина Рамзия Рашитовна","МБОУ \"Школа №60\""]
[197,"Московский район","МБОУ \"Гимназия № 122 имени Ж.А.Зайцевой\"","Хасанзянова","С.","М.","ж",6,6,14,23,"Участник","Садыков Жаудат Назипович","МБОУ \"Гимназия № 122 имени Ж.А.Зайцевой\""]
[198,"Приволжский район","МБОУ \"Школа №129\"","Шарафиева","Р.","Р.","ж",6,6,14,23,"Участник","Зиганшина Камиля Айратовна","МБОУ \"Школа №129\""]
[199,"Московский район","МБОУ \"Школа №99\"","Абдуллина","Р.","И.","ж",6,6,13,23,"Участник","Хасбиуллина Татьяна Сергеевна","МБОУ \"Школа №99\""]
[200,"Советский район","МБОУ \"Гимназия №20 имени Абдуллы Алиша\"","Гимадеева","С.","И.","ж",6,6,13,23,"Участник","Каримова Виктория Андреевна","МБОУ \"Гимназия №20 имени Абдуллы Алиша\""]
[201,"Советский район","МБОУ \"Многопрофильная школа №181\"","Оголихина","А.","С.","ж",6,6,13,23,"Участник","Кадиров Ринат Монирович","МБОУ \"Многопрофильная школа №181\""]
[202,"Советский район","МБОУ \"Татарская гимназия №11\"","Рамаззанова","З.","Н.","ж",6,6,13,23,"Участник","Бариева Рамзиля Абдулахатовна","МБОУ \"Татарская гимназия №11\""]
[203,"Вахитовский район","МБОУ \"Гимназия №28\"","Рахматуллин","К.","Р.","м",6,6,13,23,"Участник","Самигуллина Руфина Ильдаровна","МБОУ \"Гимназия №28\""]
[204,"Приволжский район","МБОУ \"Лицей №83-Центр образования\"","Трофимова","З.","М.","ж",6,6,13,23,"Участник","Бегунова Мария Александровна","МБОУ \"Лицей №83-Центр образования\""]
[205,"Московский район","МБОУ \"Школа №99\"","Хасбиуллина","Л.","Н.","ж",6,6,13,23,"Участник","Хасбиуллина Татьяна Сергеевна","МБОУ \"Школа №99\""]
[206,"Советский район","МБОУ \"Лицей №95\"","Вологодская","М.","А.","ж",6,6,12,23,"Участник","Султанова Айгуль Ленаровна","МБОУ \"Лицей №95\""]
[207,"Советский район","МБОУ \"Гимназия №175\"","Глинкина","А.","Б.","ж",6,6,12,23,"Участник","Корнилова Екатерина Дмитриевна","МБОУ \"Гимназия №175\""]
[208,"Ново-Савиновский район","МБОУ \"Гимназия №13\"","Куликова","С.","О.","ж",6,6,12,23,"Участник","Низамова Лилия Габделхалимовна","МБОУ \"Гимназия №13\""]
[209,"Московский район","МБОУ \"Гимназия № 122 имени Ж.А.Зайцевой\"","Мамыкина","С.","И.","ж",6,6,12,23,"Участник","Чайковская Светлана Валентиновна","МБОУ \"Гимназия № 122 имени Ж.А.Зайцевой\""]
[210,"Вахитовский район","МБОУ \"Гимназия №96\"","Мокеев","М.","И.","м",6,6,12,23,"Участник","Муллахметова Юлия Геннадьевна","МБОУ \"Гимназия №96\""]
[211,"Вахитовский район","МБОУ \"Гимназия №96\"","Тухбалгалиев","А.","М.","м",6,6,12,23,"Участник","Муллахметова Юлия Геннадьевна","МБОУ \"Гимназия №96\""]
[212,"Советский район","МБОУ \"Школа №108\"","Домнин","Х.","С.","м",6,6,11,23,"Участник","Тагирова Алия Тагировна","МБОУ \"Школа №108\""]
[213,"Советский район","МБОУ \"Многопрофильная полилингвальная гимназия №180\"","Лутфуллин","У.","Э.","м",6,6,11,23,"Участник","Закирова Алия Госмановна","МБОУ \"Многопрофильная полилингвальная гимназия №180\""]
[214,"Вахитовский район","МБОУ \"Гимназия №28\"","Люкманов","Л.","А.","м",6,6,11,23,"Участник","Самигуллина Руфина Ильдаровна","МБОУ \"Гимназия №28\""]
[215,"Советский район","МБОУ \"Гимназия №20 имени Абдуллы Алиша\"","Зиятдинова","А.","А.","ж",6,6,10,23,"Участник","Каримова Виктория Андреевна","МБОУ \"Гимназия №20 имени Абдуллы Алиша\""]
[216,"Ново-Савиновский район","МБОУ \"Лицей №170\"","Леонтьева","А.","С.","ж",6,6,10,23,"Участник","Волкова Наталья Витальевна","МБОУ \"Лицей №170\""]
[217,"Ново-Савиновский район","МБОУ \"Школа №71\"","Осипов","Р.","А.","м",6,6,9,23,"Участник","Халикова Гульназ Габбасовна","МБОУ \"Школа №71\""]
[218,"Приволжский район","МБОУ \"Лицей №83-Центр образования\"","Абубакирова","Д.","Р.","ж",7,7,23,30,"Победитель","Ануфриева Лариса Анатольевна","МБОУ \"Лицей №83-Центр образования\""]
[219,"Ново-Савиновский район","МБОУ \"Гимназия №7\"","Галиева","К.","Э.","ж",7,7,23,30,"Победитель","Ипполитова Лариса Владимировна","МБОУ \"Гимназия №7\""]
[220,"Ново-Савиновский район","МБОУ \"Лицей №170\"","Шабров","А.","В.","м",7,7,17,30,"Победитель","Волкова Наталья Витальевна","МБОУ \"Лицей №170\""]
[221,"Московский район","МБОУ \"Школа №99\"","Телегина","Е.","Д.","ж",7,7,16,30,"призер","Хасбиуллина Татьяна Сергеевна","МБОУ \"Школа №99\""]
[222,"Вахитовский район","МБОУ \"Гимназия №96\"","Камалова","Э.","Э.","ж",7,7,15,30,"призер","Муллахметова Юлия Геннадьевна","МБОУ \"Гимназия №96\""]
[223,"Вахитовский район","МБОУ \"Гимназия №96\"","Нурмиева","А.","Л.","ж",7,7,15,30,"призер","Муллахметова Юлия Геннадьевна","МБОУ \"Гимназия №96\""]
[224,"Советский район","МБОУ \"Гимназия №183\"","Хаметов","Д.","И.","м",7,7,15,30,"призер","Шакирова Гюзель Рустемовна","МБОУ \"Гимназия №183\""]
[225,"Советский район","МБОУ \"Лицей №95\"","Шешунов","Н.","А.","м",7,7,15,30,"призер","Султанова Айгуль Ленаровна","МБОУ \"Лицей №95\""]
[226,"Советский район","МБОУ \"Многопрофильная школа №181\"","Ахмедшин","Т.","Р.","м",7,7,15,30,"призер","Кадиров Ринат Монирович","МБОУ \"Многопрофильная школа №181\""]
[227,"Ново-Савиновский район","МБОУ \"Школа №85\"","Вахламова","А.","А.","ж",7,7,14,30,"Участник","Шлыкова Анастасия Валерьевна","МБОУ \"Школа №85\""]
[228,"Советский район","МБОУ \"Лицей №95\"","Гиниятов","А.","Р.","м",7,7,14,30,"Участник","Султанова Айгуль Ленаровна","МБОУ \"Лицей №95\""]
[229,"Ново-Савиновский район","МБОУ \"Школа №71\"","Закиров","Т.","Р.","м",7,7,14,30,"Участник","Сагдиева Римма Фаридовна","МБОУ \"Школа №71\""]
[230,"Ново-Савиновский район","МБОУ \"Школа №85\"","Кузнецова","А.","Н.","ж",7,7,14,30,"Участник","Шлыкова Анастасия Валерьевна","МБОУ \"Школа №85\""]
[231,"Советский район","МБОУ \"Многопрофильная школа №181\"","Мазунова","М.","Л.","ж",7,7,14,30,"Участник","Кадиров Ринат Монирович","МБОУ \"Многопрофильная школа №181\""]
[232,"Советский район","МБОУ \"Лицей №95\"","Мусаева","М.","Т.","ж",7,7,14,30,"Участник","Султанова Айгуль Ленаровна","МБОУ \"Лицей №95\""]
[233,"Приволжский район","МБОУ \"Лицей №35\"","Федоров","А.","Н.","м",7,7,14,30,"Участник","Спиридонова Надежда Михайловна","МБОУ \"Лицей №35\""]
[234,"Ново-Савиновский район","МБОУ \"Лицей №170\"","Хаджиматова","А.","А.","ж",7,7,14,30,"Участник","Волкова Наталья Витальевна","МБОУ \"Лицей №170\""]
[235,"Советский район","МБОУ \"Лицей №95\"","Халимов","И.","И.","м",7,7,14,30,"Участник","Султанова Айгуль Ленаровна","МБОУ \"Лицей №95\""]
[236,"Московский район","МБОУ \"Школа №99\"","Чурбанова","М.","А.","ж",7,7,14,30,"Участник","Хасбиуллина Татьяна Сергеевна","МБОУ \"Школа №99\""]
[237,"Советский район","МБОУ \"Многопрофильная школа №181\"","Гильманова","С.","М.","ж",7,7,13,30,"Участник","Кадиров Ринат Монирович","МБОУ \"Многопрофильная школа №181\""]
[238,"Ново-Савиновский район","МБОУ \"Гимназия №13\"","Зартдинов","М.","О.","м",7,7,13,30,"Участник","Низамова Лилия Габделхалимовна","МБОУ \"Гимназия №13\""]
[239,"Советский район","МБОУ \"Лицей №95\"","Лывин","М.","И.","м",7,7,13,30,"Участник","Султанова Айгуль Ленаровна","МБОУ \"Лицей №95\""]
[240,"Советский район","МБОУ \"Школа №47\"","Назмутдинова","Д.","Р.","ж",7,7,13,30,"Участник","Ахидова Елена Владимировна","МБОУ \"Школа №47\""]
[241,"Вахитовский район","МБОУ \"Гимназия №28\"","Танеева","Я.","М.","ж",7,7,13,30,"Участник","Самигуллина Руфина Ильдаровна","МБОУ \"Гимназия №28\""]
[242,"Советский район","МБОУ \"Гимназия №175\"","Уткина","А.","С.","ж",7,7,13,30,"Участник","Корнилова Екатерина Дмитриевна","МБОУ \"Гимназия №175\""]
[243,"Московский район","МБОУ \"Школа №34\"","Атабаева","З.","Ф.","ж",7,7,12,30,"Участник","Саулова Анастасия Владимировна","МБОУ \"Школа №34\""]
[244,"Советский район","МБОУ \"Лицей №95\"","Сабиров","А.","Р.","м",7,7,12,30,"Участник","Султанова Айгуль Ленаровна","МБОУ \"Лицей №95\""]
[245,"Ново-Савиновский район","МБОУ \"Лицей №170\"","Абумуслимов","М.","Р.","м",7,7,11,30,"Участник","Волкова Наталья Витальевна","МБОУ \"Лицей №170\""]
[246,"Кировский район","МБОУ \"Гимназия №3 с татарским языком обучения\"","Денисова","К.","Ю.","ж",7,7,11,30,"Участник","Гибадуллина Зиля Камиловна","МБОУ \"Гимназия №3 с татарским языком обучения\""]
[247,"Советский район","МБОУ \"Лицей №95\"","Нигматуллин","И.","Ф.","м",7,7,11,30,"Участник","Султанова Айгуль Ленаровна","МБОУ \"Лицей №95\""]
[248,"Приволжский район","МБОУ \"Лицей №83-Центр образования\"","Романейко","А.","И.","ж",7,7,11,30,"Участник","Бегунова Мария Александровна","МБОУ \"Лицей №83-Центр образования\""]
[249,"Приволжский район","МБОУ \"Лицей №83-Центр образования\"","Асхадуллин","Ш.","М.","ж",8,8,34,38,"Победитель","Сумцева Раиса Амирановна","МБОУ \"Лицей №83-Центр образования\""]
[250,"Ново-Савиновский район","МБОУ \"Школа №85\"","Даутова","А.","М.","ж",8,8,34,38,"Победитель","Шлыкова Анастасия Валерьевна","МБОУ \"Школа №85\""]
[251,"Приволжский район","МБОУ \"Школа №129\"","Закирова","А.","И.","ж",8,8,34,38,"Победитель","Олексенко Ольга Александровна","МБОУ \"Школа №129\""]
[252,"Советский район","МАОУ \"Гимназия №141\"","Кузнецов","М.","Д.","м",8,8,34,38,"Победитель","Гармашова Юлия Николаевна","МАОУ \"Гимназия №141\""]
[253,"Советский район","МБОУ \"Лицей №79\"","Мукминова","Р.","Р.","ж",8,8,34,38,"Победитель","Обухова Татьяна Алексеевна","МБОУ \"Лицей №79\""]
[254,"Московский район","МБОУ \"Гимназия № 122 имени Ж.А.Зайцевой\"","Зайдуллин","М.","С.","м",8,8,33,38,"призер","Чайковская Светлана Валентиновна","МБОУ \"Гимназия № 122 имени Ж.А.Зайцевой\""]
[255,"Приволжский район","МБОУ \"Лицей №83-Центр образования\"","Сибгатуллина","Л.","С.","ж",8,8,33,38,"призер","Ануфриева Лариса Анатольевна","МБОУ \"Лицей №83-Центр образования\""]
[256,"Ново-Савиновский район","МБОУ \"Гимназия №155\"","Тарасова","Р.","Р.","ж",8,8,32,38,"призер","Шайдуллин Эмиль Ирекович","МБОУ \"Гимназия №155\""]
[257,"Советский район","МБОУ \"Школа №167\"","Хазеев","Д.","И.","м",8,8,32,38,"призер","Макарова Светлана Анатольевна","МБОУ \"Школа №167\""]
[258,"Советский район","МБОУ \"Школа №167\"","Шарифулин","Б.","И.","м",8,8,32,38,"призер","Макарова Светлана Анатольевна","МБОУ \"Школа №167\""]
[259,"Ново-Савиновский район","МБОУ \"Гимназия №179-центр образования\"","Мингачев","А.","И.","м",8,8,31,38,"призер","Ельцова Наталья Викторовна","МБОУ \"Гимназия №179-центр образования\""]
[260,"Приволжский район","МБОУ \"Лицей №83-Центр образования\"","Полянина","М.","А.","ж",8,8,31,38,"призер","Сумцева Раиса Амирановна","МБОУ \"Лицей №83-Центр образования\""]
[261,"Вахитовский район","МБОУ \"Гимназия №28\"","Портнова","Е.","Д.","ж",8,8,31,38,"призер","Самигуллина Руфина Ильдаровна","МБОУ \"Гимназия №28\""]
[262,"Приволжский район","МБОУ \"Лицей №186-\"Перспектива\"","Салимова","С.","Р.","ж",8,8,31,38,"призер","Броднева Наталья Владимировна","МБОУ \"Лицей №186-\"Перспектива\""]
[263,"Приволжский район","МБОУ \"Школа №129\"","Якупова","М.","Р.","ж",8,8,31,38,"Призер","Олексенко Ольга Александровна","МБОУ \"Школа №129\""]
[264,"Советский район","МБОУ \"Гимназия №90\"","Ильина","К.","М.","ж",8,8,30,38,"Участник","Володин Александр Геннадьевич","МБОУ \"Гимназия №90\""]
[265,"Ново-Савиновский район","МБОУ \"Гимназия №155\"","Арсланова","Л.","Н.","ж",8,8,29,38,"Участник","Шайдуллин Эмиль Ирекович","МБОУ \"Гимназия №155\""]
[266,"Советский район","МБОУ \"Лицей №79\"","Мынов","А.","А.","м",8,8,29,38,"Участник","Обухова Татьяна Алексеевна","МБОУ \"Лицей №79\""]
[267,"Советский район","МБОУ \"Лицей №159 имени С.Х.Загидуллиной\"","Павлюкевич","С.","М.","ж",8,8,28,38,"Участник","Ештокина Елена Владимировна","МБОУ \"Лицей №159 имени С.Х.Загидуллиной\""]
[268,"Советский район","МБОУ \"Школа №161\"","Фиськова","В.","Г.","ж",8,8,28,38,"Участник","Ганеева Алсу Фиргатовна","МБОУ \"Школа №161\""]
[269,"Приволжский район","МБОУ \"Лицей №186-\"Перспектива\"","Абдуллина","К.","А.","ж",8,8,27,38,"Участник","Броднева Наталья Владимировна","МБОУ \"Лицей №186-\"Перспектива\""]
[270,"Ново-Савиновский район","МБОУ \"Школа №85\"","Бадрутдинова","М.","Р.","ж",8,8,27,38,"Участник","Шлыкова Анастасия Валерьевна","МБОУ \"Школа №85\""]
[271,"Советский район","МБОУ \"Лицей №95\"","Юмаева","А.","Р.","ж",8,8,27,38,"Участник","Султанова Айгуль Ленаровна","МБОУ \"Лицей №95\""]
[272,"Московский район","МБОУ \"Школа №34\"","Аверин","А.","А.","м",8,8,26,38,"Участник","Лачугина Оксана Ивановна","МБОУ \"Школа №34\""]
[273,"Советский район","МБОУ \"Гимназия №90\"","Ишмухамедова","Р.","И.","ж",8,8,26,38,"Участник","Володин Александр Геннадьевич","МБОУ \"Гимназия №90\""]
[274,"Авиастроительный район","МБОУ \"Лицей №145\"","Карпова","А.","А.","ж",8,8,26,38,"Участник","Фомина Евгения Александровна","МБОУ \"Лицей №145\""]
[275,"Ново-Савиновский район","МБОУ \"Гимназия №13\"","Мельникова","А.","А.","ж",8,8,26,38,"Участник","Низамова Лилия Габделхалимовна","МБОУ \"Гимназия №13\""]
[276,"Кировский район","МБОУ \"Школа №70\"","Фатхуллин","Р.","Р.","м",8,8,26,38,"Участник","Шишков Алексей Иванович","МБОУ \"Школа №70\""]
[277,"Советский район","МБОУ \"Лицей №95\"","Давлетшина","С.","Ф.","ж",8,8,25,38,"Участник","Султанова Айгуль Ленаровна","МБОУ \"Лицей №95\""]
[278,"Советский район","МАОУ \"Лицей №121\"","Исламова","З.","Р.","ж",8,8,22,38,"Участник","Восканова Елена Михайловна","МАОУ \"Лицей №121\""]
[279,"Советский район","МБОУ \"Многопрофильная полилингвальная гимназия №180\"","Казачкина","В.","И.","ж",8,8,22,38,"Участник","Шарафиева Анар Зейнулловна","МБОУ \"Многопрофильная полилингвальная гимназия №180\""]
[280,"Авиастроительный район","МБОУ \"Лицей №145\"","Щеглов","Р.","Е.","м",8,8,21,38,"Участник","Фомина Евгения Александровна","МБОУ \"Лицей №145\""]
[281,"Ново-Савиновский район","МБОУ \"Гимназия №13\"","Юлдашева","А.","А.","ж",8,8,15,38,"Участник","Низамова Лилия Габделхалимовна","МБОУ \"Гимназия №13\""]
[282,"Кировский район","МБОУ \"Школа №70\"","Демьяненко","Н.","В.","м",9,9,25,27,"Победитель","Никифорова Татьяна Егоровна","МБОУ \"Школа №70\""]
[283,"Советский район","МАОУ \"Гимназия №141\"","Федорова","А.","К.","ж",9,9,25,27,"Победитель","Гармашова Юлия Николаевна","МАОУ \"Гимназия №141\""]
[284,"Кировский район","МБОУ \"Школа №70\"","Ухаткина","Э.","А.","ж",9,9,24,27,"призер","Никифорова Татьяна Егоровна","МБОУ \"Школа №70\""]
[285,"Ново-Савиновский район","МБОУ \"Лицей №170\"","Замалдинов","К.","И.","м",9,9,23,27,"призер","Волкова Наталья Витальевна","МБОУ \"Лицей №170\""]
[286,"Приволжский район","МБОУ \"Лицей №83-Центр образования\"","Андриянова","А.","А.","ж",9,9,20,27,"призер","Валиева Гульнара Ринатовна","МБОУ \"Лицей №83-Центр образования\""]
[287,"Кировский район","МБОУ \"Школа №70\"","Заляева","А.","И.","ж",9,9,20,27,"призер","Никифорова Татьяна Егоровна","МБОУ \"Школа №70\""]
[288,"Советский район","МБОУ \"Лицей №159 имени С.Х.Загидуллиной\"","Камалетдинова","З.","М.","ж",9,9,20,27,"призер","Валишина Дина Шамилевна","МБОУ \"Лицей №159 имени С.Х.Загидуллиной\""]
[289,"Приволжский район","МБОУ \"Лицей №35\"","Ахметова","А.","Ф.","ж",9,9,19,27,"призер","Спиридонова Надежда Михайловна","МБОУ \"Лицей №35\""]
[290,"Московский район","МБОУ \"Татарская гимназия №2 при КФУ\"","Гирфанова","К.","Л.","ж",9,9,19,27,"призер","Шакирова Рузиля Раисовна","МБОУ \"Татарская гимназия №2 при КФУ\""]
[291,"Ново-Савиновский район","МБОУ \"Лицей №23\"","Васильева","С.","Т.","ж",9,9,18,27,"Участник","Мустафина Айгуль Фагимовна","МБОУ \"Лицей №23\""]
[292,"Ново-Савиновский район","МБОУ \"Гимназия №179-центр образования\"","Ерова","А.","А.","ж",9,9,18,27,"Участник","Ельцова Наталья Викторовна","МБОУ \"Гимназия №179-центр образования\""]
[293,"Приволжский район","МБОУ \"Лицей №83-Центр образования\"","Желанова","А.","Е.","ж",9,9,18,27,"Участник","Гилязова Наиля Рашидовна","МБОУ \"Лицей №83-Центр образования\""]
[294,"Вахитовский район","МБОУ \"Школа №80 имени Каюма Насыри\"","Набиева","Э.","Т.","ж",9,9,18,27,"Участник","Ахметов Ришат Рафитович","МБОУ \"Школа №80 имени Каюма Насыри\""]
[295,"Ново-Савиновский район","МБОУ \"Гимназия №13\"","Сендюкова","А.","И.","ж",9,9,18,27,"Участник","Низамова Лилия Габделхалимовна","МБОУ \"Гимназия №13\""]
[296,"Приволжский район","МБОУ \"Школа №129\"","Насыбуллина","К.","М.","ж",9,9,17,27,"Участник","Олексенко Ольга Александровна","МБОУ \"Школа №129\""]
[297,"Советский район","МБОУ \"Школа №161\"","Хасанов","Д.","Ч.","м",9,9,17,27,"Участник","Ганеева Алсу Фиргатовна","МБОУ \"Школа №161\""]
[298,"Приволжский район","МБОУ \"Лицей №83-Центр образования\"","Ендиряков","К.","Т.","м",9,9,16,27,"Участник","Гилязова Наиля Рашидовна","МБОУ \"Лицей №83-Центр образования\""]
[299,"Московский район","МБОУ \"Школа №34\"","Мухарямов","Р.","Д.","м",9,9,16,27,"Участник","Лебедева Оксана Валерьевна","МБОУ \"Школа №34\""]
[300,"Ново-Савиновский район","МБОУ \"Школа №85\"","Сибгатуллин","А.","И.","м",9,9,15,27,"Участник","Шлыкова Анастасия Валерьевна","МБОУ \"Школа №85\""]
[301,"Приволжский район","МБОУ \"Лицей №83-Центр образования\"","Солнцев","В.","П.","м",9,9,13,27,"Участник","Гилязова Наиля Рашидовна","МБОУ \"Лицей №83-Центр образования\""]
[302,"Ново-Савиновский район","МБОУ \"Гимназия №13\"","Гильмеев","Т.","А.","м",9,9,12,27,"Участник","Низамова Лилия Габделхалимовна","МБОУ \"Гимназия №13\""]
[303,"Ново-Савиновский район","МБОУ \"Школа №85\"","Шигабиев","И.","А.","м",9,9,12,27,"Участник","Шлыкова Анастасия Валерьевна","МБОУ \"Школа №85\""]
[304,"Московский район","МБОУ \"Гимназия № 122 имени Ж.А.Зайцевой\"","Куренкова","А.","В.","ж",10,10,23,26,"Победитель","Чайковская Светлана Валентиновна","МБОУ \"Гимназия № 122 имени Ж.А.Зайцевой\""]
[305,"Советский район","МБОУ \"Лицей №159 имени С.Х.Загидуллиной\"","Майкова","Е.","Д.","ж",10,10,23,26,"Победитель","Валишина Дина Шамилевна","МБОУ \"Лицей №159 имени С.Х.Загидуллиной\""]
[306,"Авиастроительный район","МБОУ \"Лицей №145\"","Елисеева","Е.","С.","ж",10,10,22,26,"Победитель","Садиков Ирек Ильдарович","МБОУ \"Лицей №145\""]
[307,"Кировский район","МБОУ \"Школа №70\"","Гайнутдинов","Н.","М.","м",10,10,21,26,"призер","Барышева Вера Николаевна","МБОУ \"Школа №70\""]
[308,"Ново-Савиновский район","МБОУ \"Школа №85\"","Шимордова","К.","В.","ж",10,10,21,26,"призер","Краснова Елена Александровна/Афанасьева Елена Евгеньевна","МБОУ \"Школа №85\""]
[309,"Кировский район","МБОУ \"Гимназия №3 с татарским языком обучения\"","Балабанова","В.","В.","ж",10,10,20,26,"призер","Сагеев Марат Ильдарович","МБОУ \"Гимназия №3 с татарским языком обучения\""]
[310,"Кировский район","МБОУ \"Школа №70\"","Соловарова","В.","А.","ж",10,10,20,26,"призер","Барышева Вера Николаевна","МБОУ \"Школа №70\""]
[311,"Вахитовский район","МБОУ \"Школа №12\"","Тесленко","Е.","Р.","ж",10,10,19,26,"призер","Булычев Павел Михайлович","МБОУ \"Школа №12\""]
[312,"Приволжский район","МБОУ \"Гимназия №16\"","Бакаева","Э.","М.","ж",10,10,18,26,"призер","Хайрутдинова Гульфия Нуховна","МБОУ \"Гимназия №16\""]
[313,"Приволжский район","МБОУ \"Гимназия №16\"","Ложеницына","С.","М.","ж",10,10,17,26,"Участник","Хабирова Айгуль Азхаровна","МБОУ \"Гимназия №16\""]
[314,"Советский район","МБОУ \"Гимназия №175\"","Мустафин","Р.","З.","м",10,10,17,26,"Участник","Хафизова Эльвира Закирзяновна","МБОУ \"Гимназия №175\""]
[315,"Кировский район","МБОУ \"Гимназия №3 с татарским языком обучения\"","Хуснеев","А.","А.","м",10,10,17,26,"Участник","Сагеев Марат Ильдарович","МБОУ \"Гимназия №3 с татарским языком обучения\""]
[316,"Кировский район","МБОУ \"Многопрофильная гимназия №189 \"Заман\"","Картузова","В.","С.","ж",10,10,16,26,"Участник","Гимадеев Ильфат Халялетдинович","МБОУ \"Многопрофильная гимназия №189 \"Заман\""]
[317,"Московский район","МБОУ \"Гимназия № 122 имени Ж.А.Зайцевой\"","Камаров","А.","Р.","м",10,10,16,26,"Участник","Галихина Ляля Раисовна","МБОУ \"Гимназия № 122 имени Ж.А.Зайцевой\""]
[318,"Советский район","МБОУ \"Гимназия №175\"","Логинова","А.","М.","ж",10,10,16,26,"Участник","Хафизова Эльвира Закирзяновна","МБОУ \"Гимназия №175\""]
[319,"Советский район","МБОУ \"Гимназия №175\"","Хисамиева","А.","И.","ж",10,10,16,26,"Участник","Хафизова Эльвира Закирзяновна","МБОУ \"Гимназия №175\""]
[320,"Приволжский район","МБОУ \"Лицей №83-Центр образования\"","Шайхиева","З.","Л.","ж",10,10,16,26,"Участник","Бегунова Мария Александровна","МБОУ \"Лицей №83-Центр образования\""]
[321,"Советский район","МБОУ \"Многопрофильная школа №181\"","Курганова","Э.","Р.","ж",10,10,15,26,"Участник","Кадиров Ринат Монирович","МБОУ \"Многопрофильная школа №181\""]
[322,"Советский район","МБОУ \"Гимназия №175\"","Лукоянова","С.","Е.","ж",10,10,15,26,"Участник","Хафизова Эльвира Закирзяновна","МБОУ \"Гимназия №175\""]
[323,"Советский район","МБОУ \"Гимназия №183\"","Назмутдинова","К.","Р.","ж",10,10,15,26,"Участник","Кочемасова Арина Викторовна","МБОУ \"Гимназия №183\""]
[324,"Ново-Савиновский район","МБОУ \"Школа №85\"","Ахметов","Р.","Р.","м",10,10,13,26,"Участник","Краснова Елена Александровна/Афанасьева Елена Евгеньевна","МБОУ \"Школа №85\""]
[325,"Ново-Савиновский район","МБОУ \"Школа №85\"","Галеев","Р.","И.","м",10,10,13,26,"Участник","Краснова Елена Александровна/Афанасьева Елена Евгеньевна","МБОУ \"Школа №85\""]
[326,"Ново-Савиновский район","МБОУ \"Школа №85\"","Севастьянов","Н.","Д.","м",10,10,13,26,"Участник","Краснова Елена Александровна/Афанасьева Елена Евгеньевна","МБОУ \"Школа №85\""]
[327,"Советский район","МБОУ \"Школа №84\"","Султанова","З.","М.","ж",10,10,12,26,"Участник","Батманова Гульнар Ильдаровна","МБОУ \"Школа №84\""]
[328,"Советский район","МБОУ \"Школа №161\"","Зиганшин","И.","И.","м",10,10,11,26,"Участник","Ганеева Алсу Фиргатовна","МБОУ \"Школа №161\""]
[329,"Советский район","МБОУ \"Многопрофильная школа №181\"","Сафонов","Б.","С.","м",10,10,10,26,"Участник","Кадиров Ринат Монирович","МБОУ \"Многопрофильная школа №181\""]
[330,"Московский район","МБОУ \"Гимназия №17\"","Халиков","М.","Р.","м",11,11,29,37,"Победитель","Галиева Рита Рашидовна","МБОУ \"Гимназия №17\""]
[331,"Ново-Савиновский район","МБОУ \"Гимназия №179-центр образования\"","Горюнов","Е.","А.","м",11,11,27,37,"Победитель","Ельцова Наталья Викторовна","МБОУ \"Гимназия №179-центр образования\""]
[332,"Советский район","МБОУ \"Многопрофильная школа №181\"","Шамгунова","Ж.","И.","ж",11,11,27,37,"Победитель","Каримова Резеда Вагизовна","МБОУ \"Многопрофильная школа №181\""]
[333,"Ново-Савиновский район","МБОУ \"Лицей №23\"","Хубатхузина","К.","А.","ж",11,11,26,37,"призер","Мустафина Айгуль Фагимовна","МБОУ \"Лицей №23\""]
[334,"Кировский район","МБОУ \"Школа №70\"","Шаймарданов","А.","И.","м",11,11,26,37,"призер","Шишков Алексей Иванович","МБОУ \"Школа №70\""]
[335,"Советский район","МБОУ \"Школа №167\"","Камалеев","Б.","Р.","м",11,11,25,37,"призер","Макарова Светлана Анатольевна","МБОУ \"Школа №167\""]
[336,"Советский район","МБОУ \"Школа №86\"","Раджабова","С.","Р.","ж",11,11,24,37,"призер","Гараева Ниаля Габделхаевна","МБОУ \"Школа №86\""]
[337,"Приволжский район","МБОУ \"Лицей №83-Центр образования\"","Фазлыева","А.","М.","ж",11,11,24,37,"призер","Валиева Гульнара Ринатовна","МБОУ \"Лицей №83-Центр образования\""]
[338,"Ново-Савиновский район","МБОУ \"Гимназия №179-центр образования\"","Хайруллин","Т.","О.","м",11,11,24,37,"призер","Ельцова Наталья Викторовна","МБОУ \"Гимназия №179-центр образования\""]
[339,"Советский район","МБОУ \"Школа №169\"","Баженова","М.","Д.","ж",11,11,23,37,"Участник","Галиуллина Чулпан Ирековна","МБОУ \"Школа №169\""]
[340,"Советский район","МБОУ \"Многопрофильная школа №181\"","Иматова","А.","В.","ж",11,11,23,37,"Участник","Каримова Резеда Вагизовна","МБОУ \"Многопрофильная школа №181\""]
[341,"Ново-Савиновский район","МБОУ \"Лицей №170\"","Хусаинова","А.","К.","ж",11,11,23,37,"Участник","Власова Татьяна Валерьевна","МБОУ \"Лицей №170\""]
[342,"Советский район","МАОУ \"Лицей №121\"","Рашитов","Э.","И.","м",11,11,22,37,"Участник","Хабибулина Ильсеяр Ильдуовна","МАОУ \"Лицей №121\""]
[343,"Советский район","МБОУ \"Многопрофильная школа №181\"","Быковских","Э.","А.","ж",11,11,21,37,"Участник","Каримова Резеда Вагизовна","МБОУ \"Многопрофильная школа №181\""]
[344,"Московский район","МБОУ \"Школа №34\"","Ишмаков","Ф.","А.","м",11,11,21,37,"Участник","Лебедева Оксана Валерьевна","МБОУ \"Школа №34\""]
[345,"Московский район","МБОУ \"Школа №34\"","Камаев","Т.","В.","м",11,11,21,37,"Участник","Лебедева Оксана Валерьевна","МБОУ \"Школа №34\""]
[346,"Авиастроительный район","МБОУ \"Лицей №145\"","Маслий","А.","А.","ж",11,11,21,37,"Участник","Фомина Евгения Александровна","МБОУ \"Лицей №145\""]
[347,"Вахитовский район","МБОУ \"Школа №12\"","Бикмухаметов","З.","Р.","м",11,11,20,37,"Участник","Клековкина Надежда Вадимовна","МБОУ \"Школа №12\""]
[348,"Вахитовский район","МБОУ \"Гимназия №28\"","Биккинина","А.","А.","ж",11,11,18,37,"Участник","Самигуллина Руфина Ильдаровна","МБОУ \"Гимназия №28\""]
[349,"Вахитовский район","МБОУ \"Школа №12\"","Рясенский","Е.","Е.","м",11,11,18,37,"Участник","Клековкина Надежда Вадимовна","МБОУ \"Школа №12\""]
[350,"Вахитовский район","МБОУ \"Школа №12\"","Смоляр","А.","К.","ж",11,11,17,37,"Участник","Клековкина Надежда Вадимовна","МБОУ \"Школа №12\""]
[351,"Ново-Савиновский район","МБОУ \"Гимназия №13\"","Ермолаева","И.","О.","ж",11,11,16,37,"Участник","Низамова Лилия Габделхалимовна","МБОУ \"Гимназия №13\""]